|
|
|
|
| LEADER |
00980cam a2200265 7i4500 |
| 001 |
0000019571 |
| 005 |
20170218090000.0 |
| 008 |
071221 eng |
| 020 |
|
|
|a 0072349360 (pbk.)
|
| 020 |
|
|
|a 9780072349360
|
| 090 |
0 |
0 |
|a QA76.76
|b .L38 2000
|
| 100 |
1 |
|
|a Laudon, Kenneth C
|
| 245 |
1 |
0 |
|a Microsoft Word 2000
|c Kenneth C. Laudon, Kenneth Rosenblatt ; with Michael W. Domis.
|
| 250 |
|
|
|a Introductory ed.
|
| 260 |
|
|
|a Boston:
|b Irwin McGraw-Hill,
|c 2000.
|
| 300 |
|
|
|a xvi, 250 p.:
|b col. ill.;
|c 28 cm.
|
| 490 |
0 |
|
|a Interactive computing series
|
| 500 |
|
|
|a Includes index
|
| 650 |
0 |
0 |
|a Word processing
|
| 700 |
1 |
|
|a Domis, Michael W
|
| 700 |
1 |
|
|a Rosenblatt, Kenneth
|
| 997 |
|
|
|a Communication, Visual Art & Computing, Faculty
|b Computing, Department
|
| 999 |
|
|
|a 0000023344
|b BOK
|c OPEN SHELF
|e 2nd Floor, Bestari Jaya
|
| 999 |
|
|
|a 0000023363
|b BOK
|c OPEN SHELF
|e 2nd Floor, Bestari Jaya
|
| 999 |
|
|
|a 0000023364
|b BOK
|c OPEN SHELF
|e 2nd Floor, Bestari Jaya
|